000 00511nam a2200181Ia 4500
003 GCL
008 140319s9999 xx 000 0 ara d
040 _aGCL /
_cGCL
082 0 4 _a637.1
_bم ا
100 1 _aماهر احمد انور
245 1 0 _aاساسيات علوم الالبان /
_cماهر احمد انور
260 _a[S.N] :
_bدار نهر النيل
300 _a303 ص
490 _a
650 0 4 _aمنتجات الالبان
650 0 4 _aمزارع الالبان
942 _2ddc
_cBK
999 _c50085
_d50085